Langues par extraits - Facile - Statistiques

Statistiques générales
  • Ce quiz a été pris 88 fois
  • Le résultat moyen est 14 sur 15
Statistiques - réponses
Langue % Correct
Allemand
100%
Anglais
100%
Espagnol
100%
Français
100%
Italien
100%
Portugais
100%
Russe
100%
Chinois (mandarin)
99%
Arabe
98%
Japonais
96%
Coréen
95%
Polonais
93%
Néerlandais
86%
Suédois
75%
Turc
73%
Aucun quiz correspondant
Distribution des résultats
% des personnes avec chaque résultat
Percentile par nombre de réponses
Votre historique - résultats
Vous n’avez pas pris ce quiz